Statistics for Crowd-Sourced General Knowledge #10

Click here to take the quiz!

General Stats

  • This quiz has been taken 15,889 times
  • The average score is 13 of 20

Answer Stats

Question Answer % Correct
How many months are there in a decade?120
97%
What is the Spanish word for father?Padre
82%
What name is shared by a terrorist group, a river in England, and an
ancient Egyptian Goddess?
Isis
79%
Which city's NBA team is known as the "Heat"?Miami
78%
What sportswear company was named after its founder, Adolf Dassler?Adidas
78%
Which U.S. state is named on the label of a Jack Daniels bottle?Tennessee
77%
L. Ron Hubbard once said "If a man really wanted to make a million dollars, the best way
to do it would be start his own religion." What religion was founded by L. Ron Hubbard?
Scientology
77%
What does the G stand for in the GMT time zone?Greenwich
77%
What winged horse was ridden by the Greek hero Bellerophon?Pegasus
77%
What sport has been referred to as "chess on ice"?Curling
70%
In what country was paper money invented?China
69%
Which city's nicknames include "Crossroads of the Pacific" and "The Big Pineapple"?Honolulu
62%
What 10th century Danish king is the namesake of the technology used in wireless headphones?Harald Bluetooth
60%
On which Jewish holiday did Egypt and Syria attack Israel on 6th October 1973?Yom Kippur
55%
Who shouted "I’m the king of the world!" after accepting his Academy Award for Best Director?James Cameron
52%
On what island would you find the city of Nuuk?Greenland
51%
What does the white symbolise in the Indian flag?Peace and Truth
50%
What is the capital of Sudan?Khartoum
43%
In what form of marching do soldiers raise their legs unusually high off the ground?{Goose}-step
42%
What icon of American masculinity was born in 1907 as Marion Mitchell Morrison?John Wayne
37%

Score Distribution

Percentile by Number Answered

Percent of People with Each Score

Your Score History

You have not taken this quiz